000 01572nam a22004333a 4500
001 cis18296773
003 OSt
005 20140310182525.0
006 m d
007 cr||n|||||||||
008 110816s2011 enka fsb 001 0 eng d
020 _a9780853698975 (pbk.)
020 _a085369897X (pbk.)
037 _a319640
_bMIL
040 _aCaONFJC
_cCaONFJC
050 _aRS 100
_b.H548 2011
060 1 0 _aQV 736
_bH548 2011eb
082 0 4 _a362.17820681
100 1 _aKeith N. Herist
_99450
245 1 0 _aFinancial analysis in pharmacy practice:
_h[electronic resource] /
_cKeith N. Herist, Brent L. Rollins, Matthew Perri III.
260 _aLondon :
_bPharmaceutical Press,
_c2011.
300 _a225 p. :
_bill.
490 1 _aPharmacy business administration series.
504 _aIncludes bibliographical references and index.
533 _aElectronic reproduction.
_b[LaVergne, TN]:
_cIngram Digital Ltd.
_d[201-].
_nAvailable via World Wide Web.
562 _efor circulation. 1 copy available in the collection
590 _aMinimal level e-book record.
650 0 _aPharmacy
_xFinance.
_99451
650 0 _aPharmacy
_xManagement.
_99452
650 1 2 _aEconomics, Pharmaceutical
_xorganization & administration.
_99453
700 1 _aRollins, Brent L.
_99454
700 1 _aPerri, Matthew.
_99455
730 0 _aMyiLibrary.
_99456
776 0 8 _iPrint version:
_w(DNLM)101567468
_z9780853698975.
830 0 _aPharmacy business administration series.
_99457
910 _a20120416/w/ern;pc,hc
942 _2lcc
_cSSLC
999 _c14057
_d14057